Sex-selective abortions and infant mortality in India: the role of parents' stated son preference (Record no. 506433)

000 -LEADER
fixed length control field 00504nam a2200169Ia 4500
008 - FIXED-LENGTH DATA ELEMENTS--GENERAL INFORMATION
fixed length control field 181130s2018 xx 000 0 und d
100 ## - MAIN ENTRY--PERSONAL NAME
Personal name Robitaille, Marie-Claire
245 ## - TITLE STATEMENT
Title Sex-selective abortions and infant mortality in India: the role of parents' stated son preference
260 ## - PUBLICATION, DISTRIBUTION, ETC.
Date of publication, distribution, etc. 2018
300 ## - PHYSICAL DESCRIPTION
Extent p.47-56.
504 ## - BIBLIOGRAPHY, ETC. NOTE
-- Jan
650 ## - SUBJECT ADDED ENTRY--TOPICAL TERM
Topical term or geographic name entry element Abortion
650 ## - SUBJECT ADDED ENTRY--TOPICAL TERM
Topical term or geographic name entry element Infant mortality - India
700 ## - ADDED ENTRY--PERSONAL NAME
Personal name Chatterjee, Ishita
773 ## - HOST ITEM ENTRY
Main entry heading Journal of Development Studies
906 ## - LOCAL DATA ELEMENT F, LDF (RLIN)
a Abortion
Holdings
Withdrawn status Lost status Damaged status Not for loan Permanent Location Current Location Date acquired Serial Enumeration / chronology Barcode Date last seen Price effective from Koha item type
        Indian Institute of Public Administration Indian Institute of Public Administration 2018-12-07 54(1), Jan, 2018: p.47-56. AR118228 2018-12-07 2018-12-07 Articles

Powered by Koha